The Beatles - Paperback Writer - Statistics

General Stats
  • This quiz has been taken 63 times
    53 since last reset
  • The average score is 126 of 171
Answer Stats
Lyric % Correct
A
100%
Paperback
100%
Write
100%
Writer
100%
I
97%
To
97%
Be
92%
Want
92%
It
84%
Man
84%
Me
81%
Take
81%
You
81%
And
78%
Or
78%
So
78%
It's
76%
Look
76%
He
73%
Job
73%
My
73%
Story
73%
Named
70%
Need
70%
On
70%
Book
68%
By
68%
Dirty
68%
Novel
68%
Sir
68%
Took
68%
Years
68%
Based
65%
Can
62%
His
62%
In
62%
Madam
62%
Of
62%
But
59%
Dear
59%
Read
59%
The
59%
Doesn't
57%
For
57%
Have
57%
Two
57%
Understand
57%
Wife
57%
I'll
54%
Pages
54%
Steady
54%
Wants
54%
If
51%
Is
51%
Lear
51%
Week
51%
Daily
49%
Few
49%
Like
49%
Mail
49%
Thousand
49%
More
46%
Would
46%
Writing
46%
Could
43%
Working
43%
Clinging
41%
Give
41%
Make
41%
Really
41%
Son
41%
Change
38%
Style
38%
Million
32%
Rights
32%
'Round
32%
Break
30%
Longer
30%
Here
27%
Overnight
27%
Send
19%
Must
16%
Return
11%
No matching quizzes found
Score Distribution
Percent of People with Each Score
Percentile by Number Answered
Your Score History
You have not taken this quiz since the last reset